000 00386pab a2200145 454500
008 180718b1987 xxu||||| |||| 00| 0 eng d
100 _aBhall, A.S.
245 _aCan `high' technology help Third World taken off?
260 _c1987
300 _a1082-6
362 _a4 July
650 _aTechnology - Underdeveloped Areas
773 _aEconomic and Political Weekly
909 _a19175
999 _c19175
_d19175